| 000 | 00489nam a2200181Ia 4500 | ||
|---|---|---|---|
| 003 | OSt | ||
| 005 | 20200729145340.0 | ||
| 008 | 190216s9999||||xx |||||||||||||| ||und|| | ||
| 020 | _a0333024575 | ||
| 040 | _coclc | ||
| 082 |
_a512.8 _bBAR/H |
||
| 100 |
_aBarnard, S _93852 |
||
| 245 | 0 |
_aHigher Algebra / _cS Barnard ; J M Child |
|
| 260 |
_bMacmillan, _c2001. _aDelhi: |
||
| 300 | _a585p | ||
| 650 | _aMathematics | ||
| 942 |
_cBK _2ddc _h512.8 _iBAR/H _k512.8 _mBAR/H |
||
| 999 |
_c31398 _d31398 |
||